[Event "Mittelfranken-chTB1 1112"]
[Site "Germany"]
[Date "2012.03.25"]
[Round "9.6"]
[White "Obsieger, Hendrik"]
[Black "Billmann, Andreas"]
[Result "1-0"]
[WhiteElo "1890"]
[BlackElo "1915"]
[PlyCount "74"]
[EventDate "2011.09.25"]
[EventType "team-tourn"]
[EventRounds "9"]
[EventCountry "GER"]
[SourceTitle "EXT 2018"]
[Source "ChessBase"]
[SourceDate "2017.10.13"]
[SourceVersion "1"]
[SourceVersionDate "2017.10.13"]
[SourceQuality "1"]
[WhiteTeam "Erlangen SC II"]
[BlackTeam "Nuernberg Sued SW II"]
[WhiteTeamCountry "GER"]
[BlackTeamCountry "GER"]

1. c4 f5 2. Nf3 Nf6 3. g3 e6 4. Bg2 Be7 5. 0-0 0-0 6. Nc3 d5 7. cxd5 exd5 8. d4 c6 9. Rb1 Ne4 10. Ne5 Nd7 11. Nxd7 Bxd7 12. f3 Nf6 13. e4 fxe4 14. fxe4 dxe4 15. Qb3+ Kh8 16. Qxb7 Rb8 17. Qxa7 Ra8 18. Qb7 Rb8 19. Qa6 Bc8 20. Qe2 Bg4 21. Qe3 Qd7 22. Nxe4 Nd5 23. Qe1 Rxf1+ 24. Qxf1 Rf8 25. Qc4 Bf5 26. Bd2 Rb8 27. b3 Nb6 28. Qe2 Re8 29. Qf2 Nd5 30. Re1 Nb4 31. Nc5 Nd3 32. Nxd7 Nxf2 33. Bxc6 Nh3+ 34. Kg2 h6 35. Bb4 Rc8 36. Rxe7 Rxc6 37. Nc5 Rd6 1-0

[Event "Mittelfranken-chTB1 1011"]
[Site "Germany"]
[Date "2011.04.03"]
[Round "8.4"]
[White "Billmann, Andreas"]
[Black "Thiele, Heinz"]
[Result "0-1"]
[WhiteElo "1947"]
[BlackElo "2007"]
[PlyCount "80"]
[EventDate "2010.09.26"]
[EventType "team-tourn"]
[EventRounds "9"]
[EventCountry "GER"]
[SourceTitle "EXT 2012"]
[Source "ChessBase"]
[SourceDate "2011.11.24"]
[SourceVersion "1"]
[SourceVersionDate "2011.11.24"]
[SourceQuality "1"]
[WhiteTeam "Nuernberg Sued SW III"]
[BlackTeam "Fuerth"]
[WhiteTeamCountry "GER"]
[BlackTeamCountry "GER"]

1. d4 Nf6 2. Nf3 g6 3. Nbd2 Bg7 4. e4 d6 5. Bd3 0-0 6. 0-0 Nc6 7. c3 e5 8. dxe5 Nxe5 9. Nxe5 dxe5 10. Nc4 Re8 11. Qc2 c6 12. h3 b5 13. Ne3 Be6 14. Be2 Qd7 15. Rd1 Qb7 16. b3 Rac8 17. Bb2 a6 18. c4 Nd7 19. Rd2 h5 20. Rad1 Bh6 21. Rd6 Bf8 22. R6d2 Bh6 23. Rd6 Bf8 24. Rxe6 Rxe6 25. g4 Nf6 26. gxh5 gxh5 27. Kh2 Bh6 28. Nf5 Bf4+ 29. Kh1 Kh7 30. Nd6 Qc7 31. Nxc8 Qxc8 32. cxb5 Re8 33. Qd3 cxb5 34. Qf3 Qc6 35. Rg1 Rg8 36. Rxg8 Kxg8 37. Qg2+ Kh7 38. Kg1 Qc2 39. Bxe5 Qc1+ 40. Bf1 Bxe5 0-1

[Event "Mittelfranken-chTB1 1011"]
[Site "Germany"]
[Date "2010.09.26"]
[Round "1.4"]
[White "Billmann, Andreas"]
[Black "Werner, Andreas1"]
[Result "1-0"]
[WhiteElo "1947"]
[BlackElo "1946"]
[PlyCount "81"]
[EventDate "2010.09.26"]
[EventType "team-tourn"]
[EventRounds "9"]
[EventCountry "GER"]
[SourceTitle "EXT 2012"]
[Source "ChessBase"]
[SourceDate "2011.11.24"]
[SourceVersion "1"]
[SourceVersionDate "2011.11.24"]
[SourceQuality "1"]
[WhiteTeam "Nuernberg Sued SW III"]
[BlackTeam "Nuernberg Sued SW II"]
[WhiteTeamCountry "GER"]
[BlackTeamCountry "GER"]

1. d4 d5 2. Nf3 Nf6 3. c4 e6 4. Nc3 Be7 5. e3 0-0 6. Be2 dxc4 7. Bxc4 c5 8. 0-0 Nc6 9. dxc5 Bxc5 10. Qe2 Qc7 11. a3 a6 12. b4 Be7 13. Bb2 b5 14. Bb3 Bb7 15. Rac1 Rfd8 16. Ng5 Qb6 17. Nce4 Nxe4 18. Nxe4 Bf8 19. Nf6+ Kh8 20. Qh5 gxf6 21. Bxf6+ Bg7 22. Bc2 Kg8 23. Qxh7+ Kf8 24. Qxg7+ Ke8 25. Bb3 Ne7 26. h4 Rd3 27. Bd1 Be4 28. Bh5 Bg6 29. Bxg6 Nxg6 30. Qg8+ Nf8 31. Bd4 Rxd4 32. exd4 Qxd4 33. Rc7 Qf6 34. Rfc1 Rd8 35. h5 Qf4 36. h6 Rd7 37. Rc8+ Ke7 38. Qxf8+ Kf6 39. Qg7+ Kf5 40. R8c5+ e5 41. h7 1-0

[Event "Mittelfrankenliga-B2a 0708"]
[Site "Mittelfranken"]
[Date "2008.04.27"]
[Round "9.6"]
[White "Geier, Erhardt"]
[Black "Billmann, Andreas"]
[Result "1/2-1/2"]
[WhiteElo "1779"]
[BlackElo "1911"]
[PlyCount "23"]
[EventDate "2007.10.14"]
[EventType "team-tourn"]
[EventRounds "9"]
[EventCountry "GER"]
[SourceTitle "EXT 2011"]
[Source "ChessBase"]
[SourceDate "2010.11.26"]
[SourceVersion "1"]
[SourceVersionDate "2010.11.26"]
[SourceQuality "1"]
[WhiteTeam "Forchheim III"]
[BlackTeam "Nuernberg Sued SW III"]
[WhiteTeamCountry "GER"]
[BlackTeamCountry "GER"]

1. e4 c6 2. d4 d5 3. Nc3 dxe4 4. Nxe4 Bf5 5. Ng3 Bg6 6. Nf3 Nf6 7. Bd3 Nbd7 8. Bg5 Qb6 9. 0-0 e6 10. b3 Bb4 11. h3 Bc3 12. Rb1 1/2-1/2

[Event "Mittelfrankenliga-B2a 0708"]
[Site "Mittelfranken"]
[Date "2008.01.13"]
[Round "4.6"]
[White "Schoemig, Anton"]
[Black "Billmann, Andreas"]
[Result "1-0"]
[WhiteElo "1886"]
[BlackElo "1911"]
[PlyCount "73"]
[EventDate "2007.10.14"]
[EventType "team-tourn"]
[EventRounds "9"]
[EventCountry "GER"]
[SourceTitle "EXT 2011"]
[Source "ChessBase"]
[SourceDate "2010.11.26"]
[SourceVersion "1"]
[SourceVersionDate "2010.11.26"]
[SourceQuality "1"]
[WhiteTeam "Altensittenbach II"]
[BlackTeam "Nuernberg Sued SW III"]
[WhiteTeamCountry "GER"]
[BlackTeamCountry "GER"]

1. d4 f5 2. e4 fxe4 3. Nc3 Nf6 4. Bg5 e3 5. fxe3 e6 6. Ne4 Be7 7. Bxf6 Bxf6 8. Qh5+ g6 9. Qh6 c5 10. 0-0-0 cxd4 11. exd4 b6 12. Nf3 Qe7 13. Nxf6+ Qxf6 14. Bd3 Ba6 15. Rhf1 Bxd3 16. Rxd3 Nc6 17. Nd2 Qe7 18. a3 0-0-0 19. c3 Rdf8 20. Rdf3 Rf5 21. g4 Rxf3 22. Rxf3 e5 23. dxe5 Nxe5 24. Qe3 Re8 25. Rf4 g5 26. Re4 d5 27. Rd4 Qd8 28. Qh3 Nc6 29. Rd3 Re1+ 30. Kc2 Qd7 31. Qf3 Ne5 32. Qf8+ Kc7 33. Rh3 Nxg4 34. Rf3 Ne3+ 35. Kb3 Qb5+ 36. Ka2 Kb7 37. Rf7+ 1-0

[Event "Mittelfranken-chT 0405"]
[Site "Germany"]
[Date "2004.12.19"]
[Round "4.6"]
[White "Metzenroth, Dieter"]
[Black "Billmann, Andreas"]
[Result "1/2-1/2"]
[WhiteElo "1831"]
[BlackElo "1856"]
[PlyCount "83"]
[EventDate "2004.10.17"]
[EventType "team-tourn"]
[EventRounds "9"]
[EventCountry "GER"]
[SourceTitle "EXT 2007"]
[Source "ChessBase"]
[SourceDate "2006.11.23"]
[SourceVersion "1"]
[SourceVersionDate "2006.11.23"]
[SourceQuality "1"]

1. d4 f5 2. Nf3 Nf6 3. c4 e6 4. g3 d5 5. Qc2 c6 6. Bg2 Be7 7. 0-0 0-0 8. Nbd2 Qe8 9. Ne5 Nbd7 10. Nd3 Bd6 11. Nf3 Ng4 12. Bf4 Bxf4 13. Nxf4 Ndf6 14. Nd3 Nd7 15. Rfd1 Qe7 16. h3 Nh6 17. Nfe5 Nxe5 18. Nxe5 Nf7 19. Nxf7 Qxf7 20. f4 Qh5 21. h4 Bd7 22. Bf3 Qh6 23. Rd3 Qf6 24. b4 a5 25. Rb1 axb4 26. Rxb4 b5 27. cxb5 cxb5 28. Rc3 Rfc8 29. Rxc8+ Rxc8 30. Qb2 Qd8 31. e3 Qa5 32. Be2 h6 33. Kf2 Ra8 34. Bxb5 Bxb5 35. Rxb5 Qxa2 36. Kf3 Qc4 37. Rb8+ Rxb8 38. Qxb8+ Kh7 39. Qb1 h5 40. Qd1 Qa2 41. Qe2 Qb1 42. Kf2 1/2-1/2

[Event "Mittelfranken-chT 0405"]
[Site "Germany"]
[Date "2004.10.17"]
[Round "1.7"]
[White "Heinrichmeier, Roland"]
[Black "Billmann, Andreas"]
[Result "1/2-1/2"]
[WhiteElo "1721"]
[BlackElo "1856"]
[PlyCount "102"]
[EventDate "2004.10.17"]
[EventType "team-tourn"]
[EventRounds "9"]
[EventCountry "GER"]
[SourceTitle "EXT 2007"]
[Source "ChessBase"]
[SourceDate "2006.11.23"]
[SourceVersion "1"]
[SourceVersionDate "2006.11.23"]
[SourceQuality "1"]

1. d4 f5 2. Nf3 Nf6 3. c4 e6 4. Bg5 Be7 5. Nc3 d5 6. e3 c6 7. Bd3 0-0 8. Qc2 Ne4 9. Bxe7 Qxe7 10. 0-0 Nd7 11. Nd2 Qg5 12. Rae1 Nxd2 13. Qxd2 dxc4 14. Bxc4 Nb6 15. Bb3 Kh8 16. f4 Qf6 17. e4 Rd8 18. d5 exd5 19. exd5 Be6 20. Re5 Bf7 21. Qc2 Nxd5 22. Nxd5 Bxd5 23. Rxf5 Qd4+ 24. Qf2 Qxf2+ 25. Rxf2 Bxb3 26. axb3 Rd1+ 27. Rf1 Rd3 28. Rf3 Rd2 29. Rf2 Rd7 30. Re5 Rad8 31. Rfe2 Kg8 32. Kf2 g6 33. Ke1 Rd1+ 34. Kf2 R1d4 35. R5e4 Rxe4 36. Rxe4 Kf7 37. Ke3 b6 38. Rc4 Rd6 39. b4 Re6+ 40. Kf3 Rd6 41. Ke3 Ke7 42. Rc3 Re6+ 43. Kf3 Kd6 44. Rd3+ Kc7 45. Ra3 Kb7 46. Re3 Rxe3+ 47. Kxe3 Kc7 48. Ke4 Kd6 49. g4 Ke6 50. b3 a6 51. h4 Kf6 1/2-1/2